| 000 | 01108pam a2200325 a 4500 | ||
|---|---|---|---|
| 999 |
_c17515 _d17487 |
||
| 001 | 015493900 | ||
| 003 | EG-ScBUE | ||
| 005 | 20210121131715.0 | ||
| 008 | 100218r19891960enk f 000 1 eng d | ||
| 020 | _a9780099549482 | ||
| 040 |
_aEG-ScBUE _beng _erda _cEG-ScBUE _dEG-ScBUE |
||
| 082 | 0 | 4 |
_a813.54 _bLEE _222 |
| 100 | 1 |
_aLee, Harper, _eauthor. _914208 |
|
| 245 | 1 | 0 |
_aTo kill a mockingbird / _cHarper Lee. |
| 250 | _a50th anniversary edition. | ||
| 250 | _aReprinted edition. | ||
| 264 | 1 |
_aLondon : _bArrow Books, _c1989. |
|
| 300 |
_a309 pages ; _c18 cm |
||
| 336 |
_2rdacontent _atext _btxt |
||
| 337 |
_2rdamedia _aunmediated _bn |
||
| 338 |
_2rdacarrier _avolume _bnc |
||
| 500 | _aOriginally published: London: William Heinemann, 1960. | ||
| 650 | 7 |
_aAfrican Americans _zSouthern States _vFiction. _2BUEsh _933607 |
|
| 650 | 7 |
_aTrials (Rape) _zSouthern States _vFiction. _2BUEsh _933608 |
|
| 650 | 7 |
_aLawyers _zSouthern States _vFiction. _2BUEsh _933609 |
|
| 651 | 7 |
_aSouthern States _vFiction. _2BUEsh _933610 |
|
| 653 |
_cSeptember2013 _bHHUUEENN |
||
| 655 |
_vReading book _934232 |
||
| 942 |
_2ddc _cBB |
||